Membros do IKON - Statistics

Estatísticas Gerais
  • Esse quiz foi jogado 3 vezes
  • A pontuação média é 2 de 6
Estatísticas das Respostas
Resposta % Correto
Bobby
67%
DK
67%
Jay
67%
Chan
33%
June
0%
Song
0%
Nenhum quiz correspondente encontrado
Distribuição das Pontuações
Porcentagem de Pessoas com Cada Pontuação
Percentil de Números Respondidos
Sua Pontuação Histórica
Você não jogou esse quiz